Marketing spoločnosti Acaimania Europe, s.r.o bakalárska práca

Saved in:
Bibliographic Details
Main Author: Kadlečíková, Simona
Corporate Author: Obchodná fakulta EU. Katedra marketingu
Other Authors: Hasprová, Mária, 1970-
Format: Book
Language:Slovak
Published: Bratislava 2015
Tags: Add Tag
No Tags, Be the first to tag this record!

MARC

LEADER 00000nbm a2200000 4500
001 0203165
005 20161212105044.4
041 0 |a slo 
044 |a SK 
245 1 0 |a Marketing spoločnosti Acaimania Europe, s.r.o  |b bakalárska práca  |c Simona Tóthová ; školiteľ: Mária Hasprová 
264 1 |a Bratislava  |c 2015 
300 |a 50 s. 
100 1 |a Kadlečíková, Simona 
700 1 |a Hasprová, Mária, 1970- 
710 2 |a Obchodná fakulta EU. Katedra marketingu